00467nam a2200157Ia 4500008004100000020001800041082001600059100002000075245007500095250000700170260004700177300002600224500001900250600002000269650002000289240925s9999 xx 000 0 und d a9781118459737 a332.024 WIG aWiginton, Frank 0aHow to Eat an Elephant: achieving financial success one bite at a time aNA aUnited States:bJohn Wiley + sonsc,2013. ax,226p.bNAfOriginal aIncludes Index aSocial Sciences aSocial Sciences